Statistics for Billboard Year-End Hot 100 Singles of 2020

Click here to take the quiz!

General Stats

  • This quiz has been taken 30 times
  • The average score is 34 of 100

Answer Stats

#ArtistSong% Correct
1The WeekndBlinding Lights
95%
2Post MaloneCircles
85%
14Tones and IDance Monkey
80%
4Dua LipaDon't Start Now
80%
5Da Baby feat Roddy RichRockstar
80%
3Roddy RicchThe Box
80%
24Cardi B feat Megan Thee StallionWAP
75%
20Harry StylesWatermelon Sugar
75%
4724kGoldn feat Iann DiorMood
70%
11Doja CatSay So
70%
46Billie EilishBad Guy
65%
15Megan Thee Stallion feat BeyonceSavage
65%
10Lewis CapaldiSomeone You Loved
65%
9Maren MorrisThe Bones
65%
6Harry StylesAdore You
60%
8Maroon 5Memories
60%
48Lady Gaga and Ariana GrandeRain on Me
60%
44Shawn Mendes and Camila CabelloSeñorita
60%
23Dan + Shay and Justin Bieber10,000 Hours
55%
54Juice Wrld and MarshmelloCome & Go
55%
72Young Thug featuring GunnaHot
55%
26BlackbearHot Girl Bummer
55%
12Garry Barrett feat Charlie PuthI Hope
55%
19Saint JhnRoses
55%
35Jawsh 685 and Jason DeruloSavage Love
55%
86The Scotts (Travis Scott and Kid Cudi)The Scotts
55%
55LizzoTruth Hurts
55%
33Dua LipaBreak My Heart
50%
38BTSDynamite
50%
39Chris Brown and Young ThugGo Crazy
50%
31LizzoGood as Hell
50%
56JP Saxe feat Julia MichaelsIf the World Was Ending
50%
17Justin Bieber feat QuavoIntentions
50%
37Camilla Cabello feat DaBabyMy Oh My
50%
21Lewis CapaldiBefore You Go
45%
27Lil MoseyBlueberry Faygo
45%
43Powfu featuring BeabadoobeeDeath Bed
45%
28The WeekndHeartless
45%
30Selena GomezLose You To Love Me
45%
71Lil Nas XPanini
45%
53ShaedTrampoline
45%
88Kane Brown, Swae Lee and KhalidBe Like That
40%
18Billie EilishEverything I Wanted
40%
77Jonas BrothersOnly Human
40%
61SurfacesSunday Best
40%
13Jack Harlow feat Da Baby, Tory Lanez and Lil WayneWhats Poppin
40%
80Ariana Grande and Justin BieberStuck with U
35%
58Justin BieberYummy
35%
67Mariah CareyAll I Want for Christmas Is You
30%
83Pop SmokeDior
30%
22Trevor DanielFalling
30%
45Travis ScottHighest in the Room
30%
82HalseyYou Should Be Sad
30%
29DaBabyBop
25%
95Surf Mesa feat EmileeILY (I Love You Baby)
25%
50Black Eyed Peas and J BalvinRitmo (Bad Boys for Life)
25%
16Arizona ZervasRoxanne
25%
49Pop Smoke feat Lil Baby and DaBabyFor the Night
20%
7Future feat DrakeLife Is Good
20%
64StaySolidRockyParty Girl
20%
66DJ Khaled featuring DrakePopstar
20%
84Benee feat Gus DappertonSupalonely
20%
63Juice Wrld and YoungBoy Never Broke AgainBandit
15%
62Eminem feat Juice WrldGodzilla
15%
87Doja Cat and TygaJuicy
15%
41Drake feat Lil DurkLaugh Now Cry Later
15%
81Pop Smoke feat Lil TjayMood Swings
15%
36Chris Brown feat DrakeNo Guidance
15%
32DrakeToosie Slide
15%
25Mustard feat Roddy RichBallin
10%
34Morgan WallenChasin' You
10%
65Maddie & TaeDie from a Broken Heart
10%
60Jason AldeanGot What I Got
10%
69Sam HuntHard to Forget
10%
51Rod WaveHeart on Ice
10%
52Blake Shelton and Gwen StefaniNobody but You
10%
59Old DominionOne Man Band
10%
70Luke BryanOne Margarita
10%
68Lee BriceOne of Them Girls
10%
98Moneybagg YoSaid Sum
10%
75YNW Melly featuring Juice WrldSuicidal
10%
79Lil BabySum 2 Prove
10%
76Lil BabyThe Bigger Picture
10%
78Pop Smoke featuring 50 Cent and Roddy RicchThe Woo
10%
57Lil Baby and 42 DuggWe Paid
10%
92Juice WrldWishing Well
10%
42Lil BabyWoah
10%
91Miranda LambertBluebird
5%
93Luke Combs feat Eric ChurchDoes to Me
5%
74Lil BabyEmotionally Scarred
5%
85Luke CombsEven Though I'm Leaving
5%
89Kane BrownHomesick
5%
73Carly Pearce and Lee BriceI Hope You're Happy Now
5%
97Luke CombsLovin' on You
5%
96Morgan WallenMore Than My Hometown
5%
90Rod Wave feat ATR Son SonRags2Riches
5%
99H.E.R. feat YGSlide
5%
100NLE Choppa feat Roddy RicchWalk Em Down
5%
40Roddy Rich feat MustardHigh Fashon
0%
94Jhené AikoPussy Fairy (OTW)
0%

Score Distribution

Percentile by Number Answered

Percent of People with Each Score

Your Score History

You have not taken this quiz